El alojamiento colaborativo Problemt̀ica jurd̕ica actual de las viviendas de uso turs̕tico /

Bibliographic Details
Main Author: Lp̤ez Sǹchez, Cristina
Other Authors: Belso Martn̕ez, Jos ̌Antonio, Sanchez Romero, Miguel, Barcel ̤Domňech, Javier, Cremades Garca̕, Purificacin̤, Berenguer Albaladejo, Cristina, Martn̕ez Martn̕ez, Nuria, Guilabert Vidal, Mara̕ Remedios, Ortiz Fernǹdez, Manuel
Format: eBook
Language:Spanish
Published: Madrid: Dykinson, 2021
Subjects:
Online Access:Acceso restringido

MARC

LEADER 00000nam a22000007a 4500
005 20220621215748.0
007 cr|||| ||||
008 220621s2021 es |||||s|||| 00||0 spa d
020 |a 978-84-1122-027-9 
035 |a 36145 
040 |a vLex 
090 |c 13450  |d 13450 
100 1 |a Lp̤ez Sǹchez, Cristina 
245 1 2 |a El alojamiento colaborativo  |h [Recurso electrn̤ico] :  |b Problemt̀ica jurd̕ica actual de las viviendas de uso turs̕tico /  |c Cristina Lp̤ez Sǹchez, Jos ̌Antonio Belso Martn̕ez, Miguel Sanchez Romero, Javier Barcel ̤Domňech, Purificacin̤ Cremades Garca̕, Cristina Berenguer Albaladejo, Nuria Martn̕ez Martn̕ez, Mara̕ Remedios Guilabert Vidal, Manuel Ortiz Fernǹdez 
256 |a Servicio en ln̕ea 
260 |a Madrid:  |b Dykinson,  |c 2021 
300 |a 1 recurso electrn̤ico 
506 1 |a Disponible solo en los productos indicados  |d vLex Global  |d vLex Global (Academic Edition, excluding Law Schools)  |d vLex Global (U.S. Academic Edition, Law Schools)  |d vLex Global (U.S. Academic Edition, excluding Law Schools)  |d vLex Global (Academic Edition, Law Schools) 
650 0 4 |a Derecho Civil  |z Espaą 
700 1 |a Belso Martn̕ez, Jos ̌Antonio 
700 1 |a Sanchez Romero, Miguel 
700 1 |a Barcel ̤Domňech, Javier 
700 1 |a Cremades Garca̕, Purificacin̤ 
700 1 |a Berenguer Albaladejo, Cristina 
700 1 |a Martn̕ez Martn̕ez, Nuria 
700 1 |a Guilabert Vidal, Mara̕ Remedios 
700 1 |a Ortiz Fernǹdez, Manuel 
740 0 |a vLex Libros (Servicio en ln̕ea) 
856 4 0 |u https://app.vlex.com/#/sources/36145  |z Acceso restringido 
942 |c BOOK 
999 0 |a Civil Law